| 000 | 00651nam a2200181Ia 4500 | ||
|---|---|---|---|
| 008 | 090123s9999 xx 000 0 und d | ||
| 082 | _b24690 | ||
| 100 | _aमाळवदे रमण | ||
| 245 | _aशिवण्यापासुन लिवण्यापर्यंत | ||
| 250 | _a1 | ||
| 260 | _bमित्र प्रेस | ||
| 300 | _a107 | ||
| 600 | _aमाळवदे रमण | ||
| 630 | _aशिवण्यापासुन लिवण्यापर्यंत | ||
| 700 | _aमाळवदे रमण | ||
| 730 | _aशिवण्यापासुन लिवण्यापर्यंत | ||
| 942 | _cBOOK | ||
| 999 |
_c62761 _d62761 |
||